000 00775nam a22002177a 4500
005 20260512150306.0
010 _aB-746591-596 ENG-148447 E.N.A./7.11.22
020 _a9781501161933
_c499.00
035 _aB-746591-596
035 _aEN-131979
037 _bAakar
037 _bDBAD
082 _aN
100 _aReid, Jenkins Taylor
_989072
245 _aThe Seven Husbands of Evelyn Hugo/
_cTaylor Jenkins Reid
260 _aNew York
_bAtria
_c2018
270 _a1230Avenue of the Americas
_bNew York
_eNY 10020
300 _a389p.
_c21cm(pbk)
942 _2ddc
_cEN
_hN
_mREI
999 _c194188
_d194188